| 000 | 00798cam a2200217 4500 | ||
|---|---|---|---|
| 001 | WB3603-13 | ||
| 008 | 000000n2000 000 0 eng u | ||
| 035 | _a(Sirsi) u103679 | ||
| 245 | _aNew town to mark Millennium | ||
| 260 | _c2000 | ||
| 490 |
_aObserver _v16 January 2000, 9(1) |
||
| 520 | _aThe government is planning a new town in the south east for up to 50,000 people as part of its response to the requirement for 1.1m more homes in the region by 2016. The development is intended to be environmentally friendly, with the emphasis on sustainability. | ||
| 590 | _aWB | ||
| 650 | _aSOUTH EAST | ||
| 650 | _aHOUSING DEVELOPMENTS | ||
| 650 | _aNEW TOWNS | ||
| 650 | _aSUSTAINABLE DEVELOPMENT | ||
| 650 | _aENVIRONMENTALLY FRIENDLY | ||
| 690 | _aHOUSING-DEVELOPMENT | ||
| 942 | _n0 | ||
| 999 |
_c62256 _d62256 |
||